000 00576nam a2200205Ia 4500
003 GCL
008 140319s9999 xx 000 0 eng d
040 _aGCL /
_cGCL
082 0 4 _a973.929
_bM A
100 1 _aMOUK, DAVID
245 1 0 _aAMERICAN CIVILIZATION: AN INTRODUCTION /
_cMOUK, DAVID
700 1 _aOKLAND, JOHN
260 _a[S.N] :
_bROUTLEDGE ،
_c1995
300 _a428 P
650 0 4 _aUNITED STATES - CIVILIZATION
650 0 4 _aUNITED STATES
650 0 4 _aUNITED STATES - FOREIGN RELATIONS
650 0 4 _aUNITED STATES - FOREIGN COUNTRIES
942 _2ddc
_cBK
999 _c14076
_d14076